000 00299nam a22001337a 4500
008 170411b xxu||||| |||| 00| 0 eng d
020 _a00099201
041 _aeng
080 _a618
100 _a10
101 _aSHM
245 _aCLINICAL OBSTETRICS AND GYNECOLOGY
_cLAUBE.D
942 _2udc
_cBK
999 _c10342
_d10342